[Event "It (open)"]
[Site "masterchessopen.com Mainz (Germany)"]
[Date "2006.08.20"]
[Round "8"]
[White "Almasi Zoltan (HUN)"]
[Black "Mchedlishvili Mikheil (GEO)"]
[Result "0-1"]
[WhiteElo "2664"]
[BlackElo "2583"]

{ Almasi Zoltan (HUN) +1 =2 -0 Mchedlishvili Mikheil (GEO) +0 =2 -0 } 1.e4 c5
2.Nf3 d6 3.d4 cxd4 4.Nxd4 Nf6 5.Nc3 Nc6 6.Bg5 Bd7 7.Qd2 Rc8 ( 7...Nxd4 8.Qxd4
h6 9.Bxf6 gxf6 10.O-O-O Qa5 11.Bc4 Rc8 12.Bb3 Qc5 13.Qd2 b5 14.Nd5 Bg7 15.Kb1
e6 16.Nf4 Bf8 17.Rhe1 h5 18.Nd3 Qc7 19.f4 a5 20.a3 h4 21.Qf2 Rb8 22.Re3 Bc6
23.Qe1 Qb6 24.Rh3 b4 25.a4 Qb7 26.f5 e5 27.Nf2 { ...1/2-1/2, Nikolenko Oleg
2524 - Mchedlishvili Mikheil 2441 , Tula 1999 Cup Russia (open) } ) 8.Nb3 (
8.f4 Nxd4 9.Qxd4 Qa5 10.e5 dxe5 11.fxe5 e6 12.O-O-O Bc6 13.Nb5 Bxb5 14.exf6
Bc6 15.h4 g6 16.Bc4 Bc5 17.Qg4 h5 18.Qe2 O-O 19.Rhf1 Bb4 20.Bh6 Rfe8 21.Kb1
Bxg2 22.Qxg2 Rxc4 23.Qxg6+ { 1-0, Almasi Zoltan 2630 - Miroshnichenko Evgenij
2545 , Ohrid 2001 Ch Europe } ) 8...h6 ( 8...e6 9.O-O-O a6 10.f4 Be7 11.Bxf6
gxf6 12.g3 b5 13.Kb1 b4 14.Ne2 a5 15.Nbd4 Qb6 16.g4 a4 17.h4 Na5 18.b3 Rc5
19.Ng3 Rc3 20.Nh5 axb3 21.cxb3 Bc6 22.Bg2 e5 23.fxe5 fxe5 24.Nf5 Nxb3 25.Nxd6+
Kd7 26.Qxc3 bxc3 { 0-1, Iljin Artem 2522 - Miroshnichenko Evgenij 2617 , St.
Petersburg 2003 Cup Russia (open) } ) 9.Bxf6 gxf6 { = } 10.Bd3 h5 ( 10...Ne5
11.f4 Nxd3+ 12.Qxd3 f5 13.exf5 Bg7 14.O-O-O Bxc3 15.bxc3 Qc7 16.Rhe1 Rg8 17.f6
e6 18.Qh7 Rf8 19.Rd3 d5 20.Qxh6 Qd6 21.Qg5 Kd8 22.Qe5 Qa3+ 23.Kd2 Re8 24.f5
Qf8 25.fxe6 Bxe6 26.Qf4 b5 27.Nd4 Bd7 28.Rxe8+ Qxe8 29.Re3 Qg8 30.g3 { ...1-0,
Iordachescu Viorel 2632 - Murariu Andrei 2381 , Bucharest 2003 Memorial
V.Ciocaltea (cat.9) } ) ( 10...a6 11.f4 b5 12.a4 b4 13.Nd5 a5 14.O-O e6 15.Ne3
Qb6 16.Kh1 Nd4 17.Nc4 Nxb3 18.cxb3 Qd8 19.f5 Rg8 20.fxe6 Bxe6 21.Ne3 Rc5
22.Bb5+ Ke7 23.Nd5+ Bxd5 24.exd5 Rg5 25.Qxg5 { 1-0, Colovic Aleksandar 2473 -
Adam Etienne 2044 , Sautron 24.10.2005 It (open) } ) ( 10...Bg7 11.O-O h5
12.Kh1 h4 13.h3 a6 14.Nd5 e6 15.Ne3 Qc7 16.f4 Ne7 17.Qe2 Ng6 18.Ng4 Kf8 19.c3
d5 20.f5 Nf4 21.Rxf4 Qxf4 22.Rf1 Qg5 23.Nd4 exf5 24.exf5 Re8 25.Qd1 Kg8 26.Bc2
Bc6 27.b4 Re7 28.a4 Kh7 29.b5 axb5 30.axb5 { ...1-0, Bologan Viktor 2669 -
Milov Vadim 2683 , Moscow 2003 It (open) "Aeroflot" } ) ( 10...Rg8 { +0.00 CAP
} ) 11.O-O-O { +0.68 CAP } 11...a6 { N } ( 11...Bh6 12.f4 Ne5 13.Rhf1 Rg8
14.Kb1 Nxd3 15.Qxd3 Rxg2 16.f5 Bc6 17.Qh3 Rg5 18.Nd4 Qb6 19.Nf3 Rg8 20.Qxh5
Be3 21.Qh3 Qc5 22.Nd2 Bxd2 23.Rxd2 Kd7 24.a3 b5 25.Rfd1 a5 26.Nd5 b4 27.Qb3
Ke8 28.e5 fxe5 29.f6 a4 30.Qxb4 Bxd5 31.Rxd5 { ...0-1, Klovans Janis 2450 -
Chandler Murray G 2485 , Yurmala 1983 It (cat.10) } ) 12.Kb1 b5 13.f4 e6
14.Rhf1 Qb6 15.Qf2 Qxf2 16.Rxf2 h4 17.a4 Nb4 18.axb5 Nxd3 19.Rxd3 axb5 20.Nd4
Rb8 21.Rh3 Be7 22.Nf3 b4 23.Nd1 Bc6 24.Re2 d5 25.exd5 Bxd5 26.Ne3 Be4 27.Nd2
Bc6 28.f5 Bc5 29.Nf3 b3 30.fxe6 fxe6 31.Nd2 bxc2+ 32.Nxc2 Kf7 33.Rc3 Bb5
34.Re4 Bd6 { ?! } ( 34...f5 { !? } 35.Rxe6 Kxe6 36.Rxc5 Bd3 37.Rc6+ Kd5 38.Rc3
Bxc2+ 39.Kxc2 Rbc8 40.Nf3 Rxc3+ 41.Kxc3 Rc8+ { } ) 35.Nd4 Bd7 36.N4f3 h3
37.Rd4 Ke7 38.Rcd3 { ? } ( 38.Ne4 hxg2 39.Nxd6 e5 40.Rd1 Rh3 41.Rg1 Kxd6
42.Rxg2 Bf5+ 43.Kc1 Be4 44.Rg3 Rxg3 45.hxg3 { } ) 38...Bb5 39.Rxd6 { } {#R}
0-1

[Event "Ch France (accession)"]
[Site "masterchessopen.com Besancon (France)"]
[Date "2006.08.23"]
[Round "8"]
[White "Jolly Jean-Francois (FRA)"]
[Black "Claverie Christophe (FRA)"]
[Result "1-0"]
[WhiteElo "2310"]
[BlackElo "2314"]

1.e4 c5 2.Nf3 d6 3.d4 Nf6 4.Nc3 cxd4 5.Nxd4 Nc6 6.Bg5 Bd7 7.Qd2 Rc8 8.O-O-O
Nxd4 9.Qxd4 Qa5 10.f4 Rxc3 11.bxc3 e5 12.Qe3 d5 13.Bxf6 Ba3+ 14.Kb1 Bc5 15.Qg3
gxf6 16.exd5 exf4 17.Qxf4 Qxc3 18.Qc4 Qa5 19.Bd3 Rg8 20.Rhe1+ Kd8 21.g3 f5
22.Be2 Rg6 23.d6 Be6 24.Qh4+ f6 25.Bc4 Qc3 26.Rxe6 Ba3 27.Qd4 {#r} 1-0

[Event "It (open)"]
[Site "masterchessopen.com Vadso (Norway)"]
[Date "2006.08.26"]
[Round "3"]
[White "Maksimov Valerij"]
[Black "Kiselev Gennady (RUS)"]
[Result "0-1"]
[WhiteElo "1800"]
[BlackElo "2419"]

1.e4 c5 2.Nf3 d6 3.d4 cxd4 4.Nxd4 Nf6 5.Nc3 Nc6 6.Bg5 Bd7 7.Qd2 Rc8 8.O-O-O
Nxd4 9.Qxd4 Qa5 10.f4 e6 11.Kb1 Bc6 12.Bxf6 gxf6 13.Nd5 exd5 14.exd5 Ba4 15.b3
Bd7 16.Bc4 Bg7 17.Rhe1+ Kf8 18.f5 Bxf5 19.Qf4 Bxc2+ 20.Kxc2 Qxa2+ 21.Kd3 b5
22.Qxd6+ Kg8 23.Rc1 bxc4+ 24.bxc4 f5 25.Rc2 Qb3+ 26.Kd2 Bf8 27.Qf6 Bb4+ 28.Kc1
Qa3+ 29.Kb1 Bxe1 {#R} 0-1

[Event "Cup Russia (open)"]
[Site "masterchessopen.com Cheliabinsk (Russia)"]
[Date "2006.09.10"]
[Round "9"]
[White "Kochetkova Julia (RUS)"]
[Black "Polschikov Alexey (RUS)"]
[Result "1-0"]
[WhiteElo "2342"]
[BlackElo "2311"]

1.e4 c5 2.Nf3 d6 3.d4 cxd4 4.Nxd4 Nf6 5.Nc3 Nc6 6.Bg5 Bd7 7.Qd2 Rc8 8.O-O-O
Nxd4 9.Qxd4 Qa5 10.Be3 a6 11.f3 g6 12.Bc4 Bg7 13.Nd5 Kf8 14.Nxe7 Ne8 15.Nxc8
Bxd4 16.Bxd4 Rg8 17.Nb6 Be6 18.Nd5 Qa4 19.Bb3 Qc6 20.g4 a5 21.a3 Nc7 22.Bf6
Bxd5 23.Bxd5 Nxd5 24.exd5 Qc5 25.Rhe1 g5 26.h4 gxh4 27.g5 Rg6 28.Re4 h6
29.Rde1 Qb5 30.a4 Qd7 31.Rxh4 Kg8 32.Reh1 Qf5 33.Rxh6 {#r} 1-0

[Event "Ch Europe (juniors) (under 16)"]
[Site "masterchessopen.com Herceg Novi (Montenegro)"]
[Date "2006.09.17"]
[Round "7"]
[White "Recuero Guerra David (ESP)"]
[Black "Baryshpolets Andrey (UKR)"]
[Result "1-0"]
[WhiteElo "2350"]
[BlackElo "2265"]

1.e4 c5 2.Nf3 d6 3.d4 cxd4 4.Nxd4 Nf6 5.Nc3 Nc6 6.Bg5 Bd7 7.Qd2 Rc8 8.f4 Nxd4
9.Qxd4 Qa5 10.e5 dxe5 11.fxe5 Bc6 12.b4 Qc7 13.exf6 gxf6 14.Bd2 Rd8 15.Qe3 h5
16.O-O-O Bh6 17.Qg3 Rxd2 18.Rxd2 Bf4 19.Qd3 Qb6 20.b5 Bxd2+ 21.Qxd2 Bd7 22.Bc4
Bf5 23.Re1 Qc5 24.Qe3 Qa3+ 25.Kb1 {#r} 1-0

[Event "Ch Vojvodina (team) (quality league)"]
[Site "masterchessopen.com Sremska Mitrovica (Serbia)"]
[Date "2006.09.24"]
[Round "4"]
[White "Miranovic Rajko (SRB)"]
[Black "Indjic Dusan (SRB)"]
[Result "0-1"]
[WhiteElo "2384"]
[BlackElo "2359"]

1.e4 c5 2.Nf3 Nc6 3.d4 cxd4 4.Nxd4 Nf6 5.Nc3 d6 6.Bg5 Bd7 7.Qd2 Rc8 8.O-O-O
Nxd4 9.Qxd4 Qa5 10.Bd2 a6 11.a3 e5 12.Qd3 Qc7 13.Bg5 Be6 14.f4 Ng4 15.Qg3 exf4
16.Bxf4 Ne5 17.Bd3 g6 18.h4 h5 19.Nd5 Bxd5 20.Bxe5 dxe5 21.exd5 Qd6 22.Rhf1
Bh6+ 23.Kb1 O-O 24.Be2 Kh7 25.Qb3 b5 26.g4 hxg4 27.Bxg4 Rc4 28.Qh3 f5 29.Be2
Re4 30.Bd3 Re3 31.Qh2 Rf6 32.Qf2 e4 33.Be2 Rh3 34.h5 gxh5 35.Rg1 Be3 36.Qg2
Bxg1 37.Rxg1 Rg6 38.Qxh3 Rxg1+ 39.Ka2 {#R} 0-1

[Event "Memorial M.Chigorin (open)"]
[Site "masterchessopen.com St. Petersburg (Russia)"]
[Date "2006.10.28"]
[Round "7"]
[White "Mikheev Stanislav (RUS)"]
[Black "Polschikov Alexey (RUS)"]
[Result "0-1"]
[WhiteElo "2334"]
[BlackElo "2311"]

1.e4 c5 2.Nf3 d6 3.d4 cxd4 4.Nxd4 Nf6 5.Nc3 Nc6 6.Bg5 Bd7 7.Qd2 Rc8 8.O-O-O
Nxd4 9.Qxd4 Qa5 10.Bd2 a6 11.f4 e5 12.fxe5 dxe5 13.Qd3 Bg4 14.Be2 Rd8 15.Nd5
Rxd5 16.exd5 Qxa2 17.Bc3 g6 18.Qe3 Ne4 {#R} 0-1

[Event "Ch France (team) (juniors) (under 20)"]
[Site "masterchessopen.com France"]
[Date "2006.11.11"]
[Round "1"]
[White "Moussard Jules (FRA)"]
[Black "Graca Robert (FRA)"]
[Result "1-0"]
[WhiteElo "2172"]
[BlackElo "1962"]

1.e4 c5 2.Nf3 d6 3.d4 cxd4 4.Nxd4 Nf6 5.Nc3 Nc6 6.Bg5 Bd7 7.Qd2 Rc8 8.O-O-O
Nxd4 9.Qxd4 Qa5 10.f4 Rxc3 11.Bxf6 Rxc2+ 12.Kxc2 gxf6 13.Kb1 Rg8 14.g3 f5
15.exf5 Bxf5+ 16.Bd3 Bg7 17.Qc4 Be6 18.Qb5+ Qxb5 19.Bxb5+ Kd8 20.Rhe1 h5
21.Bd3 Bg4 22.Rd2 Bf6 23.Be4 b6 24.Rc1 h4 25.Rd3 Rh8 26.Rg1 b5 27.h3 Bd7 28.g4
Kc7 29.Rc1+ Kb6 30.Rd5 Bc6 31.Rxd6 exd6 32.Rxc6+ Ka5 33.Rxd6 Re8 34.Rxf6 Rxe4
35.Rxf7 Re3 36.Rxa7+ Kb4 37.Ra3 Re1+ 38.Kc2 Rf1 39.f5 Kc4 {#r} 1-0

[Event "Czech League 2006/07 (1st) West"]
[Site "masterchessopen.com Czech Republic"]
[Date "2006.11.12"]
[Round "2"]
[White "Schula Michal (CZE)"]
[Black "Vodicka Vlastimil (CZE)"]
[Result "1-0"]
[WhiteElo "2230"]
[BlackElo "2216"]

1.e4 c5 2.Nf3 d6 3.d4 cxd4 4.Nxd4 Nf6 5.Nc3 Nc6 6.Bg5 Bd7 7.Qd2 Rc8 8.f4 Nxd4
9.Qxd4 Qa5 10.e5 dxe5 11.fxe5 e6 12.O-O-O Bc6 13.Nb5 Nd7 14.Nxa7 Rc7 15.Nxc6
bxc6 16.Bc4 Rb7 17.Bb3 Bc5 18.Qe4 Qb5 19.Rd3 O-O 20.Rhd1 Nb8 21.Rh3 g6 22.Rxh7
Rd7 23.Rxd7 Nxd7 24.c4 Qa5 25.Qh4 {#r} 1-0

[Event "Ch Romania (w)"]
[Site "masterchessopen.com Predeal (Romania)"]
[Date "2006.11.29"]
[Round "3"]
[White "Ionica Iulia-Ionela (ROM)"]
[Black "Tutulan Mihaela (ROM)"]
[Result "1-0"]
[WhiteElo "2231"]
[BlackElo "2024"]

1.e4 c5 2.Nf3 Nc6 3.d4 cxd4 4.Nxd4 Nf6 5.Nc3 d6 6.Bg5 Bd7 7.Qd2 Rc8 8.Be2 Nxd4
9.Qxd4 Qa5 10.Bd2 Qc5 11.Qd3 Ng4 12.Bxg4 Bxg4 13.O-O Be6 14.Rfe1 Bc4 15.Qg3 b6
16.e5 dxe5 17.Rxe5 Qc7 18.Bf4 Qb7 19.b3 Be6 20.Re2 g6 21.Be5 Rg8 22.Nb5 Bd7
23.Nd4 f5 24.Qh4 h6 25.Bf6 g5 26.Qh5+ Kd8 27.Qf7 {#r} 1-0

[Event "Ch Romania"]
[Site "masterchessopen.com Predeal (Romania)"]
[Date "2006.12.02"]
[Round "6"]
[White "Manea Alexandru (ROM)"]
[Black "Barzanu Iulian (ROM)"]
[Result "0-1"]
[WhiteElo "2376"]
[BlackElo "2198"]

1.e4 c5 2.Nf3 d6 3.d4 cxd4 4.Nxd4 Nf6 5.Nc3 Nc6 6.Bg5 Bd7 7.Qd2 Rc8 8.h4 h6
9.Bxf6 gxf6 10.O-O-O Nxd4 11.Qxd4 Qa5 12.Kb1 Qc5 13.Qxc5 Rxc5 14.Be2 f5 15.Bf3
Bg7 16.Ne2 Bc6 17.Ng3 fxe4 18.Nxe4 Rb5 19.b3 f5 20.Nd2 Bf6 21.Bxc6+ bxc6 22.g3
Rg8 23.Rhe1 Rd5 24.Nf1 Rxd1+ 25.Rxd1 f4 26.Rd3 Kd7 27.Kc1 e5 28.Rf3 Ke6 29.Kd1
fxg3 30.Rxg3 Rxg3 31.fxg3 e4 32.Ne3 h5 33.Ke2 d5 34.Ng2 Be5 35.Kf2 d4 36.Ne1
Kf5 37.b4 Kg4 {#R} 0-1

[Event "Ch Buryatia"]
[Site "masterchessopen.com Ulan Ude (Russia)"]
[Date "2006.12.03"]
[Round "2"]
[White "Pushkarev Dmitry (RUS)"]
[Black "Agafonov Vladinir (RUS)"]
[Result "1-0"]
[WhiteElo "2342"]
[BlackElo "2227"]

1.e4 c5 2.Nf3 d6 3.d4 Nf6 4.Nc3 cxd4 5.Nxd4 Nc6 6.Bg5 Bd7 7.Qd2 Nxd4 8.Qxd4
Qa5 9.f4 h6 10.Bxf6 gxf6 11.Bc4 Rc8 12.Bb3 Rg8 13.g3 Qc5 14.Qd3 b5 15.Nd5 Bc6
16.f5 h5 17.O-O-O h4 18.Kb1 Bh6 19.Qe2 hxg3 20.hxg3 Bg5 21.Rh7 Rf8 22.a3 a5
23.c3 Kd8 24.Rd4 Rb8 25.Qh5 Be8 26.Rh8 Rxh8 27.Qxh8 Rb7 28.Qf8 Ra7 29.Ka2 a4
30.Bd1 Qc8 31.Be2 Rb7 32.Bxb5 {#r} 1-0

[Event "Ch Cuba (open)"]
[Site "masterchessopen.com Santa Clara (Cuba)"]
[Date "2007.01.17"]
[Round "8"]
[White "Ruiz Orlen (CUB)"]
[Black "Almeida Omar (CUB)"]
[Result "0-1"]
[WhiteElo "2347"]
[BlackElo "2502"]

1.e4 c5 2.Nf3 d6 3.d4 cxd4 4.Nxd4 Nf6 5.Nc3 Nc6 6.Bg5 Bd7 7.Qd2 Rc8 8.Nxc6
Bxc6 9.f3 a6 10.O-O-O e6 11.Kb1 Be7 12.h4 b5 13.Bd3 h6 14.Be3 Nd7 15.g4 Ne5
16.Qg2 Qa5 17.g5 hxg5 18.Bxg5 Bf8 19.h5 b4 20.Ne2 Nxf3 21.Qxf3 Qxg5 22.Bxa6
Rd8 23.Bc4 Qc5 24.Qd3 Rxh5 25.Nd4 Rxh1 26.Rxh1 Bd7 27.Rh8 Rc8 28.Bb3 g6 29.Qe3
Qe5 30.Rg8 Qh5 31.a4 bxa3 32.Qf2 a2+ {#R} 0-1

[Event "It (cat.8)"]
[Site "masterchessopen.com Marianske Lazne (Czech Republic)"]
[Date "2007.01.21"]
[Round "3"]
[White "Womacka Mathias (GER)"]
[Black "Neuman Petr (CZE)"]
[Result "1-0"]
[WhiteElo "2452"]
[BlackElo "2415"]

1.e4 c5 2.Nf3 d6 3.d4 cxd4 4.Nxd4 Nf6 5.Nc3 Nc6 6.Bg5 Bd7 7.Qd2 Rc8 8.f4 Nxd4
9.Qxd4 Qa5 10.e5 dxe5 11.fxe5 e6 12.O-O-O Bc6 13.Nb5 Bxb5 14.exf6 Bc6 15.h4 g6
16.Bc4 Qc5 17.Qd3 Qf5 18.Qd2 Qg4 19.Qc3 Bd5 20.Bb5+ Kd8 21.Qa5+ Rc7 22.Qxa7
Bd6 23.Qb8+ {#r} 1-0

[Event "Memorial Giorgi Tringov (open)"]
[Site "masterchessopen.com Plovdiv (Bulgaria)"]
[Date "2007.02.11"]
[Round "9"]
[White "Petkov Vladimir (BUL)"]
[Black "Rusev Krasimir (BUL)"]
[Result "0-1"]
[WhiteElo "2508"]
[BlackElo "2479"]

1.e4 c5 2.Nf3 d6 3.d4 Nf6 4.Nc3 cxd4 5.Nxd4 Nc6 6.Bg5 Bd7 7.Qd2 Rc8 8.f4 Nxd4
9.Qxd4 Qa5 10.e5 dxe5 11.fxe5 e6 12.O-O-O Rxc3 13.bxc3 Bc5 14.Qc4 Ba3+ 15.Kb1
Ne4 16.Rxd7 Kxd7 17.Qb5+ Qxb5+ 18.Bxb5+ Kc8 19.Bd3 Nxc3+ 20.Ka1 Bc5 21.Rf1 Bd4
22.Bc1 f5 23.Bb2 Kd7 24.Rf3 Rc8 25.Bxf5 exf5 26.Rd3 Ne2 27.Bxd4 Nxd4 28.Rxd4+
Ke6 29.Kb2 Rc7 30.c3 Kxe5 31.Kc2 g5 32.Kd3 Rc6 33.Rb4 Ra6 34.Rxb7 Rxa2 35.Rxh7
Rxg2 36.Rxa7 Rxh2 37.Ra5+ Kf4 {#R} 0-1

[Event "Ch Russia (1 liga) (w)"]
[Site "masterchessopen.com Obninsk (Russia)"]
[Date "2007.02.27"]
[Round "4"]
[White "Charochkina Daria (RUS)"]
[Black "Karibaeva Elvira (RUS)"]
[Result "1-0"]
[WhiteElo "2403"]
[BlackElo "2155"]

1.e4 c5 2.Nf3 Nc6 3.d4 cxd4 4.Nxd4 Nf6 5.Nc3 d6 6.Bg5 Bd7 7.Qd2 Rc8 8.Nb3 h6
9.Bxf6 gxf6 10.O-O-O Na5 11.Nd5 Nxb3+ 12.axb3 h5 13.Kb1 Bh6 14.f4 Rg8 15.Be2
h4 16.Bh5 Bg4 17.Bxg4 Rxg4 18.Qe2 Qd7 19.e5 fxe5 20.fxe5 Qe6 21.Qd3 Rxg2
22.exd6 Qxd6 23.Rhf1 Qc5 24.Nc3 Rg6 25.Rf5 Qc6 26.Rdf1 Rg7 27.Qe2 Rd8 28.Rf6
Rd6 29.Rxd6 Qxd6 30.Rd1 Qc6 31.Qe5 f5 32.Qxf5 Rf7 33.Qe5 Bf4 34.Qh8+ Rf8
35.Rd8+ Kxd8 36.Qxf8+ Kd7 37.Qxf4 {#r} 1-0

[Event "Ch City (1/2 final)"]
[Site "masterchessopen.com Wroclaw (Poland)"]
[Date "2007.03.03"]
[Round "2"]
[White "Januszewski Tomasz (POL)"]
[Black "Mikolajczyk Piotr (POL)"]
[Result "1-0"]
[WhiteElo "1988"]
[BlackElo "1812"]

1.e4 c5 2.Nf3 d6 3.d4 cxd4 4.Nxd4 Nf6 5.Nc3 Nc6 6.Bg5 Bd7 7.Qd2 Rc8 8.O-O-O
Nxd4 9.Qxd4 Qa5 10.f4 Rxc3 11.bxc3 e5 12.Qc4 b5 13.Qd3 Qxa2 14.Be2 Qa1+ 15.Kd2
Qa4 16.Bxf6 gxf6 17.Ra1 Qc4 18.Qxc4 bxc4 19.Rxa7 Be7 20.Rb1 Be6 21.f5 {#r} 1-0

[Event "Ch City"]
[Site "masterchessopen.com Voronezh (Russia)"]
[Date "2007.03.04"]
[Round "2"]
[White "Kalugin Andrey (RUS)"]
[Black "Chekhov Sergei (RUS)"]
[Result "0-1"]
[WhiteElo "2014"]
[BlackElo "2251"]

1.e4 c5 2.Nf3 d6 3.d4 cxd4 4.Nxd4 Nf6 5.Nc3 Nc6 6.Bg5 Bd7 7.Qd2 Rc8 8.Be2 Qa5
9.Nb3 Qc7 10.Bxf6 gxf6 11.Nd5 Qd8 12.f4 f5 13.exf5 Bxf5 14.O-O-O Bg7 15.Bf3
O-O 16.g4 Bd7 17.Ne3 a5 18.Nf5 Bxf5 19.gxf5 a4 20.Rhg1 Kh8 21.f6 Bxf6 22.Na1
Qb6 23.c3 a3 24.Nb3 Na5 25.Qd5 Rc5 {#R} 0-1

[Event "Bundesliga B East 2006/07"]
[Site "masterchessopen.com Austria"]
[Date "2007.03.11"]
[Round "9"]
[White "Sekyra Michael (AUT)"]
[Black "Poecksteiner Johann (AUT)"]
[Result "1-0"]
[WhiteElo "2173"]
[BlackElo "2161"]

1.e4 c5 2.Nf3 Nc6 3.d4 cxd4 4.Nxd4 Nf6 5.Nc3 d6 6.Bg5 Bd7 7.Qd2 Rc8 8.O-O-O
Nxd4 9.Qxd4 Qa5 10.Bxf6 gxf6 11.Kb1 a6 12.f4 Qc5 13.Qd2 e6 14.f5 Kd8 15.fxe6
fxe6 16.g3 Kc7 17.Bh3 h5 18.Ne2 Bh6 19.Nf4 h4 20.Qd3 Bxf4 21.gxf4 Rhg8 22.Rhe1
Rg7 23.Qb3 Re8 24.a3 a5 25.Re3 a4 26.Qd3 Reg8 27.Qd2 {#r} 1-0

[Event "Ch Poland (juniors) (under 16)"]
[Site "masterchessopen.com Leba (Poland)"]
[Date "2007.03.25"]
[Round "3"]
[White "Januszewski Tomasz (POL)"]
[Black "Klim Kamil (POL)"]
[Result "0-1"]
[WhiteElo "1988"]
[BlackElo "2141"]

1.e4 c5 2.Nf3 d6 3.d4 cxd4 4.Nxd4 Nf6 5.Nc3 Nc6 6.Bg5 Bd7 7.Qd2 Rc8 8.O-O-O
Nxd4 9.Qxd4 Qa5 10.f4 Rxc3 11.bxc3 e5 12.Qc4 d5 13.exd5 Ba3+ 14.Kb1 Ne4 15.Ka1
b5 16.Qd3 Nf2 17.Qe3 Nxd1 18.Qxe5+ Kf8 19.d6 Qxc3+ 20.Qxc3 Nxc3 21.Be7+ Kg8
22.Bd3 f6 23.Re1 Kf7 24.h3 Re8 25.Rf1 Nd5 26.Rb1 Nxe7 27.dxe7 Rxe7 28.c4 Bc5
29.Kb2 bxc4 30.Bxc4+ Be6 31.Bxe6+ Rxe6 32.Kc3 Bb6 33.Rb2 Re4 {#R} 0-1

[Event "Ch Poland (juniors) (under 16) (g)"]
[Site "masterchessopen.com Leba (Poland)"]
[Date "2007.03.26"]
[Round "4"]
[White "Warakomska Anna (POL)"]
[Black "Demidowicz Maria (POL)"]
[Result "0-1"]
[WhiteElo "2167"]
[BlackElo "2040"]

1.e4 c5 2.Nf3 d6 3.d4 cxd4 4.Nxd4 Nf6 5.Nc3 Nc6 6.Bg5 Bd7 7.Qd2 Rc8 8.O-O-O
Nxd4 9.Qxd4 Qa5 10.Be3 a6 11.f3 g6 12.Kb1 Bg7 13.Nd5 Be6 14.Qb6 Qa4 15.Nc7+
Rxc7 16.Qxc7 Qxa2+ 17.Kc1 O-O 18.Qxb7 Nd7 19.Bd3 Nc5 20.Qb4 Nb3+ {#R} 0-1

[Event "Ch PriFO"]
[Site "masterchessopen.com Toljatti (Russia)"]
[Date "2007.03.28"]
[Round "7"]
[White "Savostin Artem (RUS)"]
[Black "Ananchenko Igor (RUS)"]
[Result "0-1"]
[WhiteElo "2036"]
[BlackElo "2199"]

1.e4 c5 2.Nf3 Nc6 3.d4 cxd4 4.Nxd4 Nf6 5.Nc3 d6 6.Bg5 Bd7 7.Qd2 Rc8 8.f4 Qb6
9.Nb3 e6 10.O-O-O Ng4 11.Bh4 Qe3 12.Kb1 a6 13.h3 Qxd2 14.Rxd2 Ne3 15.Bd3 b5
16.Re1 Nc4 17.Bxc4 bxc4 18.Nd4 Nxd4 19.Rxd4 e5 20.Rd5 exf4 21.e5 Be6 22.exd6
Kd7 23.Rd4 h6 24.Be7 g5 25.Nd5 Bxd5 26.Rxd5 Bg7 27.Rf5 Rb8 28.Rxf7 Bxb2
29.Bf6+ Kxd6 30.Bxh8 Bc3+ 31.Kc1 Bxe1 32.Rf6+ Kd5 33.Rxh6 c3 34.Kd1 Re8
35.Rxa6 Bd2 36.Ra5+ Kd6 37.Ra6+ Kc7 38.Ra7+ Kb8 {#R} 0-1

[Event "Ch Europe"]
[Site "masterchessopen.com Dresden (Germany)"]
[Date "2007.04.04"]
[Round "2"]
[White "Iordachescu Viorel (MDA)"]
[Black "Donchenko Anatoly G (GER)"]
[Result "1-0"]
[WhiteElo "2567"]
[BlackElo "2355"]

{ Iordachescu Viorel (MDA) +3 =0 -0 } 1.e4 c5 2.Nf3 d6 3.d4 cxd4 4.Nxd4 Nf6
5.Nc3 Nc6 6.Bg5 Bd7 7.Qd2 Rc8 8.Nb3 { = } 8...a6 ( 8...h6 9.Bxf6 gxf6 10.Be2
h5 11.O-O-O a6 12.Kb1 b5 13.f4 h4 14.h3 Qb6 15.Nd5 Qf2 16.Rhg1 Rg8 17.Rdf1 Qa7
18.Qd1 Rg3 19.Rf3 Rg6 20.Rd3 e6 21.f5 Rh6 22.fxe6 fxe6 23.Nf4 a5 24.Bh5+ Kd8
25.Rxd6 Bxd6 26.Nxe6+ Ke7 27.Ned4 Nxd4 28.Nxd4 { ...0-1, Grischuk Alexander
2704 - Harrison Jorge Sosa, Internet 16. 3.2003 Dos Hermanas Qualifier (16-A)
} ) 9.O-O-O ( 9.Bxf6 gxf6 10.Be2 f5 11.Qg5 h6 12.Qg3 Ne5 13.f4 Nc4 14.O-O-O h5
15.Bxc4 Rxc4 16.Rhe1 Bh6 17.Kb1 Kf8 18.Qd3 b5 19.exf5 Rxf4 20.Nd4 Bg7 21.Qe3
Rg4 22.h3 Rxg2 23.Qf3 Bxd4 24.Rxd4 Rhg8 25.Qxh5 Qb6 26.Qh6+ R8g7 27.Rde4 Bxf5
28.Rxe7 Qc6 { ...1-0, Szoen Dariusz 2437 - Rusev Krasimir 2453 , Aschach
30.12.2006 It (open) } ) ( 9.f4 b5 10.a4 b4 11.Bxf6 gxf6 12.Nd5 a5 13.Bb5 Bg7
14.O-O f5 15.Rae1 fxe4 16.Rxe4 f5 17.Rc4 O-O 18.Qe3 e6 19.Nb6 d5 20.Nxd7 dxc4
21.Nxf8 cxb3 22.Nxe6 Bd4 23.Nxd4 Qxd4 24.Qxd4 Nxd4 25.cxb3 Nxb5 26.axb5 Rb8
27.Kf2 Rxb5 28.Rc1 Kf7 { ...1-0, Baklan Vladimir 2570 - Fontaine Robert 2395 ,
Zagan 1997 Ch World (juniors) (under 20) } ) 9...e6 10.f4 Be7 ( 10...b5 11.Kb1
Qc7 12.Bd3 Be7 13.Qe1 h6 14.Bh4 O-O 15.g4 Nb4 16.g5 Nh7 17.gxh6 Bxh4 18.Qxh4
g6 19.Qf2 f6 20.Rhg1 Be8 21.f5 exf5 22.exf5 g5 23.h4 Bf7 24.hxg5 Nxg5 25.h7+
Kh8 26.Rxg5 Bxb3 27.Rg4 Nxd3 28.Rxd3 Bc4 29.Rh3 Qc5 30.Qg2 { ...1-0,
Iordachescu Viorel 2553 - Efimov Igor 2445 , Montecatini Terme 1999 It (open)
} ) 11.Bxf6 ( 11.Kb1 b5 12.Bxf6 gxf6 13.Ne2 O-O 14.f5 Kh8 15.Nf4 Rg8 16.g3 Rc7
17.Bh3 Qc8 18.Rhf1 b4 19.fxe6 fxe6 20.Nh5 Rg6 21.Rf2 a5 22.Rdf1 a4 23.Nd4 b3
24.axb3 Nxd4 25.Qxd4 axb3 26.cxb3 Qa8 27.Nf4 e5 28.Nxg6+ hxg6 29.Qe3 Kg7
30.Bxd7 Rxd7 { ...1-0, Garcia Gonzales Guillermo 2510 - Ubilava Elizbar 2525 ,
Palma de Majorca 1992 It (open) } ) ( 11.Qe1 Qc7 12.Bd3 b5 13.Kb1 b4 14.Ne2 a5
15.Nbd4 Nxd4 16.Nxd4 Qc5 17.Nf3 a4 18.e5 dxe5 19.Nxe5 Bb5 20.Bxb5+ Qxb5 21.f5
Rc5 22.Nxf7 Kxf7 23.Qxe6+ Kf8 24.Rhe1 Rc7 25.Bf4 Rb7 26.Qc8+ Ne8 27.f6 gxf6
28.Bh6+ Kf7 29.Qe6+ Kg6 30.Rd5 Qb6 { ...1-0, Delabaca Romuald 2122 -
Caposciutti Maurizio 2356 , Cannes 2001 It } ) 11...gxf6 { +0.29 CAP } 12.Be2
{ N } ( 12.g3 b5 13.Kb1 b4 14.Ne2 a5 15.Nbd4 Qb6 16.g4 a4 17.h4 Na5 18.b3 Rc5
19.Ng3 Rc3 20.Nh5 axb3 21.cxb3 Bc6 22.Bg2 e5 23.fxe5 fxe5 24.Nf5 Nxb3 25.Nxd6+
Kd7 26.Qxc3 bxc3 { 0-1, Iljin Artem 2522 - Miroshnichenko Evgenij 2617 , St.
Petersburg 2003 Cup Russia (open) } ) 12...h5 13.Kb1 Na5 14.f5 Nxb3 15.axb3
Qa5 16.Bf3 Qe5 17.Ne2 Bf8 18.Nf4 Bh6 19.g3 Bxf4 { ?! } ( 19...Rc6 { !? }
20.fxe6 fxe6 21.Rhf1 h4 22.Qe2 Qb5 23.e5 Qxe2 24.Nxe2 d5 25.exf6 { } ) 20.gxf4
Qc5 21.fxe6 Bxe6 22.Rhe1 Bg4 23.Bxg4 hxg4 24.e5 fxe5 25.fxe5 dxe5 26.b4 Qe7
27.Rxe5 Qxe5 28.Qd7+ Kf8 29.Qxc8+ Kg7 30.Qxg4+ Kh6 31.Qh4+ Qh5 32.Qf6+ Kh7
33.Rd4 { } {#r} 1-0

[Event "Ch Europe"]
[Site "masterchessopen.com Dresden (Germany)"]
[Date "2007.04.13"]
[Round "10"]
[White "Baramidze David (GER)"]
[Black "Pajeken Wolfgang (GER)"]
[Result "1-0"]
[WhiteElo "2569"]
[BlackElo "2351"]

1.e4 c5 2.Nf3 d6 3.d4 cxd4 4.Nxd4 Nf6 5.Nc3 Nc6 6.Bg5 Bd7 7.Qd2 Rc8 8.O-O-O
Nxd4 9.Qxd4 Qa5 10.Bh4 g5 11.Bg3 Bg7 12.Nd5 Nh5 13.Qb4 Qxb4 14.Nxb4 O-O 15.Nd5
Rfe8 16.Be2 Nxg3 17.hxg3 Rc5 18.Kb1 a5 19.c3 b5 20.b4 Rxc3 21.Nxc3 Bxc3 22.Rd5
f6 23.Bxb5 Bxb5 24.Rxb5 axb4 25.f4 Rc8 26.Rb7 Re8 27.f5 Ra8 28.Rxe7 b3
29.Rexh7 bxa2+ 30.Kc2 a1=N+ 31.Kd3 {#r} 1-0